The law of dilapidations : (Record no. 3492)

MARC details
000 -LEADER
fixed length control field 00915cam a2200301 i 4500
001 - CONTROL NUMBER
control field 3157075
003 - CONTROL NUMBER IDENTIFIER
control field OSt
005 - DATE AND TIME OF LATEST TRANSACTION
control field 20230703160958.0
008 - FIXED-LENGTH DATA ELEMENTS--GENERAL INFORMATION
fixed length control field 741104s1974 enk 001 0 eng
010 ## - LIBRARY OF CONGRESS CONTROL NUMBER
LC control number 74186836
015 ## - NATIONAL BIBLIOGRAPHY NUMBER
National bibliography number GB74-19275
020 ## - INTERNATIONAL STANDARD BOOK NUMBER
Terms of availability £5.20
040 ## - CATALOGING SOURCE
Original cataloging agency DLC
Transcribing agency DLC
Modifying agency DLC
050 00 - LIBRARY OF CONGRESS CALL NUMBER
Classification number KD919
Item number .W4 1974
082 00 - DEWEY DECIMAL CLASSIFICATION NUMBER
Classification number 346/.42/0434
Item number WES
100 1# - MAIN ENTRY--PERSONAL NAME
Personal name West, William Alexander.
245 14 - TITLE STATEMENT
Title The law of dilapidations :
Remainder of title with some hints on practice.
250 ## - EDITION STATEMENT
Edition statement 7th ed. /
Remainder of edition statement by W. A. West.
260 ## - PUBLICATION, DISTRIBUTION, ETC. (IMPRINT)
Place of publication, distribution, etc. London :
Name of publisher, distributor, etc. Estates Gazette,
Date of publication, distribution, etc. 1974.
300 ## - PHYSICAL DESCRIPTION
Extent xxi, 360 p. ;
Dimensions 23 cm.
500 ## - GENERAL NOTE
General note Previous ed. by B. W. Adkin.
500 ## - GENERAL NOTE
General note Includes index.
650 #0 - SUBJECT ADDED ENTRY--TOPICAL TERM
Topical term or geographic name as entry element Dilapidations
Geographic subdivision Great Britain.
650 #0 - SUBJECT ADDED ENTRY--TOPICAL TERM
Topical term or geographic name as entry element Waste (Law)
Geographic subdivision Great Britain.
700 1# - ADDED ENTRY--PERSONAL NAME
Personal name Adkin, Benaiah W.
Fuller form of name (Benaiah Whitley).
Title of a work Law of dilapidations.
906 ## - LOCAL DATA ELEMENT F, LDF (RLIN)
a 7
b cbc
c orignew
d 3
e ncip
f 19
g y-gencatlg
942 ## - ADDED ENTRY ELEMENTS (KOHA)
Source of classification or shelving scheme Dewey Decimal Classification
Koha item type Books
Holdings
Withdrawn status Lost status Source of classification or shelving scheme Damaged status Not for loan Home library Current library Date acquired Total Checkouts Full call number Barcode Date last seen Price effective from Koha item type
    Dewey Decimal Classification     County Hall Archives County Hall Archives 07/03/2023   346/.42/0434 WES 10000660 07/03/2023 07/03/2023 Books
LIBRARY OPENING HOURS

When the Parliament is sitting: 8.00a.m - 7.00p.m or until the house adjourns
Mondays and Fridays and when the House is on Recess:  8.00a.m - 5.00p.m
Closed on Weekends and Public Holidays

Online Public Access Catalog (OPAC)
Website: http://www.parliament.go.ke
Bunge Library: https://libraryir.parliament.go.ke
Contact: library@parliament.go.ke | Tel no: (254-2)2221291 or 2848000 Ext 5043